• 首页
  • 本馆介绍
  • 公告通知
  • 最新文献
  • 馆藏检索
  • 电子资源
  • 读者导购
  • 参考咨询
  • 我的图书馆
  • 登录
  • 详细信息显示
  • 放入我的书架
  • 预约/预借图书
  • 作者相关作品
  • 分类相关作品
  • 丛书相关作品
  • 出版社相关作品

书目信息

  • 表格格式
  • 工作单格式
  • 卡片格式
题名:
DSP芯片的原理与开发应用
    
 
作者: 张雄伟 编著
分册:  
出版信息: 北京   电子工业出版社  2016.08
页数: 11,372页
开本: 26cm
丛书名:
单 册:
中图分类: TN911.72 , TP332
科图分类:
主题词: 数字信号处理--高等教育--教材 , 数字信号--微处理器--高等教育--教材
电子资源:
ISBN: 978-7-121-29493-8
000 01324nam0 2200313 450
001 0120161998007
005 20170327083706.92
010    @a978-7-121-29493-8@dCNY49.80
100    @a20160902d2016 em y0chiy50 ea
101 0  @achi
102    @aCN@b110000
105    @aak z 000yy
106    @ar
200 1  @aDSP芯片的原理与开发应用@9DSP xin pian de yuan li yu kai fa ying yong@f张雄伟[等]编著
205    @a5版
210    @a北京@c电子工业出版社@d2016.08
215    @a11,372页@c图@d26cm
300    @a普通高等教育“十一五”国家级规划教材 电子信息类精品教材
304    @a编著还有:杨吉斌,吴其前,曹铁勇,贾冲,邹霞等
330    @a本书由浅入深、全面系统地介绍了DSP芯片的基本原理、开发过程和应用方法。首先,介绍了DSP芯片系统的设计、DSP芯片的特点、DSP芯片的软硬件环境以及定点和浮点DSP处理的运算基础;其次,在介绍了DSP芯片存储资源管理的基础上,重点介绍了目前广泛应用的CCS集成开发环境及其使用方法;接着,介绍了DSP系统的软硬件设计方法;最后,通过应用实例介绍了DSP综合系统的开发过程和开发方法。
333    @a高校电子信息类专业师生
606 0  @a数字信号处理@x高等教育@j教材
606 0  @a数字信号@x微处理器@x高等教育@j教材
610 0  @aDSP
690    @aTN911.72@v5
690    @aTP332@v5
701  0 @a张雄伟@9zhang xiong wei@4编著
801  0 @aCN@b人天书店@c20160902
905    @b980677-80@dTN911.72@e162=5@f4
    
    DSP芯片的原理与开发应用/张雄伟[等]编著.-5版.-北京:电子工业出版社,2016.08
    11,372页:图;26cm
    普通高等教育“十一五”国家级规划教材 电子信息类精品教材.-使用对象:高校电子信息类专业师生
    
    ISBN 978-7-121-29493-8:CNY49.80
    本书由浅入深、全面系统地介绍了DSP芯片的基本原理、开发过程和应用方法。首先,介绍了DSP芯片系统的设计、DSP芯片的特点、DSP芯片的软硬件环境以及定点和浮点DSP处理的运算基础;其次,在介绍了DSP芯片存储资源管理的基础上,重点介绍了目前广泛应用的CCS集成开发环境及其使用方法;接着,介绍了DSP系统的软硬件设计方法;最后,通过应用实例介绍了DSP综合系统的开发过程和开发方法。
●
相关链接 在E读中查询图书 在五车中查询图书 在当当中查询图书 在豆瓣中查询图书


正题名:DSP芯片的原理与开发应用     索取号:TN911.72/162=5         预约/预借

序号 登录号 条形码 馆藏地/架位号 状态 备注
1 980677   209806771   第二样本阅览室/ [索取号:TN911.72/162=5] 在馆    
2 980678   209806780   密集书库-物理学院/ [索取号:TN911.72/162=5] 在馆    
3 980679   209806799   第三借阅区/ [索取号:TN911.72/162=5] 在馆    
4 980680   209806806   第三借阅区/ [索取号:TN911.72/162=5] 在馆    
唐山师范学院图书馆 欢迎您!
大连网信软件有限公司© 版权所有